Chủ nghĩa tư bản : Những bất ổn tiềm tàng
Cuốn sách là một công trình khoa học nghiên cứu bước chuyển hóa hiện tại của nền kinh tế tư bản chủ nghĩa toàn cầu. Nội dung cuốn sách giải thích sự bất ổn có tính toàn cầu của tiềm tàng trong cơ cấu cũng như trong mô hình kinh tế hiệ...
Enregistré dans:
| Auteur principal: | |
|---|---|
| Format: | Livre |
| Langue: | Undetermined |
| Publié: |
Hà Nội
Chính trị Quốc gia
2002
|
| Sujets: | |
| Tags: |
Ajouter un tag
Pas de tags, Soyez le premier à ajouter un tag!
|
| Thư viện lưu trữ: | Trung tâm Học liệu Trường Đại học Cần Thơ |
|---|
| LEADER | 01106nam a2200229Ia 4500 | ||
|---|---|---|---|
| 001 | CTU_51117 | ||
| 008 | 210402s9999 xx 000 0 und d | ||
| 020 | |c 34000 | ||
| 082 | |a 330.112 | ||
| 082 | |b S562 | ||
| 100 | |a Shutt, Harry | ||
| 245 | 0 | |a Chủ nghĩa tư bản : | |
| 245 | 0 | |b Những bất ổn tiềm tàng | |
| 245 | 0 | |c Harry Shutt ; Lê Phương Thúy biên dịch | |
| 260 | |a Hà Nội | ||
| 260 | |b Chính trị Quốc gia | ||
| 260 | |c 2002 | ||
| 520 | |a Cuốn sách là một công trình khoa học nghiên cứu bước chuyển hóa hiện tại của nền kinh tế tư bản chủ nghĩa toàn cầu. Nội dung cuốn sách giải thích sự bất ổn có tính toàn cầu của tiềm tàng trong cơ cấu cũng như trong mô hình kinh tế hiện tại của chủ nghĩa tư bản. | ||
| 650 | |a Capitalism,Globalization,Developing countries,Chủ nghĩa tư bản | ||
| 650 | |x Economic conditions | ||
| 904 | |i Minh | ||
| 980 | |a Trung tâm Học liệu Trường Đại học Cần Thơ | ||